Every Doctor Who Story - Statistics

General Stats
  • This quiz has been taken 95 times
    25 since last reset
  • The average score is 160 of 353
Answer Stats
Story No# Episode % Correct
2 The Daleks
100%
1 An Unearthly Child
90%
12 The Romans
90%
6 The Aztecs
90%
3 The Edge of Destruction
90%
161 Dalek
80%
4 Marco Polo
80%
9 Planet of Giants
80%
75 Robot
80%
16 The Chase
80%
10 The Dalek Invasion of Earth
80%
46 The Invasion
80%
5 The Keys of Marinus
80%
11 The Rescue
80%
37 The Tomb of the Cybermen
80%
116 Castrovalva
70%
72 Death to the Daleks
70%
156 Doctor Who
70%
78 Genesis of the Daleks
70%
115 Logopolis
70%
68 Planet of the Daleks
70%
74 Planet of the Spiders
70%
133 Resurrection of the Daleks
70%
79 Revenge of the Cybermen
70%
23 The Ark
70%
76 The Ark in Space
70%
21 The Daleks' Master Plan
70%
36 The Evil of the Daleks
70%
69 The Green Death
70%
34 The Macra Terror
70%
33 The Moonbase
70%
8 The Reign of Terror
70%
7 The Sensorites
70%
15 The Space Museum
70%
100 The Stones of Blood
70%
17 The Time Meddler
70%
70 The Time Warrior
70%
13 The Web Planet
70%
137 Attack of the Cybermen
60%
307 Boom
60%
66 Carnival of Monsters
60%
18 Galaxy 4
60%
126 Terminus
60%
121 Earthshock
60%
117 Four to Doomsday
60%
67 Frontier in Space
60%
42 Fury From the Deep
60%
153 Ghost Light
60%
92 Horror of Fang Rock
60%
71 Invasion of the Dinosaurs
60%
118 Kinda
60%
82 Pyramids of Mars
60%
148 Remembrance of the Daleks
60%
124 Snakedance
60%
38 The Abominable Snowmen
60%
101 The Androids of Tara
60%
135 The Caves of Androzani
60%
24 The Celestial Toymaker
60%
14 The Crusade
60%
61 The Curse of Peladon
60%
59 The Daemons
60%
88 The Deadly Assassin
60%
35 The Faceless Ones
60%
97 The Invasion of Time
60%
128 The King's Demons
60%
45 The Mind Robber
60%
73 The Monster of Peladon
60%
99 The Pirate Planet
60%
30 The Power of the Daleks
60%
98 The Ribos Operation
60%
26 The Savages
60%
62 The Sea Devils
60%
48 The Seeds of Death
60%
85 The Seeds of Doom
60%
28 The Smugglers
60%
49 The Space Pirates
60%
95 The Sun Makers
60%
29 The Tenth Planet
60%
65 The Three Doctors
60%
136 The Twin Dilemma
60%
32 The Underwater Menace
60%
27 The War Machines
60%
41 The Web of Fear
60%
43 The Wheel in Space
60%
144 Time and the Rani
60%
122 Time-Flight
60%
160a Aliens of London
50%
208 Amy's Choice
50%
123 Arc of Infinity
50%
226 Asylum of the Daleks
50%
120 Black Orchid
50%
165 Boom Town
50%
58 Colony in Space
50%
182a Daleks in Manhattan
50%
60 Day of the Daleks
50%
104 Destiny of the Daleks
50%
212b The Big Bang
50%
52 Doctor Who and the Silurians
50%
311b Empire of Death
50%
127 Enlightenment
50%
182b Evolution of the Daleks
50%
206b Flesh and Stone
50%
94 Image of the Fendahl
50%
54 Inferno
50%
312 Joy to the World
50%
125 Mawdryn Undead
50%
110 Meglos
50%
143b Mindwarp
50%
19 Mission to the Unknown
50%
189 Partners in Crime
50%
81 Planet of Evil
50%
134 Planet of Fire
50%
200 Planet of the Dead
50%
191 Planet of the Ood
50%
142 Revelation of the Daleks
50%
172a Rise of the Cybermen
50%
157 Rose
50%
288 Spyfall
50%
155 Survival
50%
55 Terror of the Autons
50%
143c Terror of the Vervoids
50%
103 The Armageddon Factor
50%
131 The Awakening
50%
84 The Brain of Morbius
50%
57 The Claws of Axos
50%
154 The Curse of Fenric
50%
158 The End of the World
50%
40 The Enemy of the World
50%
190 The Fires of Pompeii
50%
129 The Five Doctors
50%
171 The Girl in the Fireplace
50%
221 The Girl Who Waited
50%
151 The Greatest Show in the Galaxy
50%
87 The Hand of Fear
50%
31 The Highlanders
50%
39 The Ice Warriors
50%
92 The Invisible Enemy
50%
114 The Keeper of Traken
50%
47 The Krotons
50%
162 The Long Game
50%
139 The Mark of the Rani
50%
86 The Masque of Mandragora
50%
20 The Myth Makers
50%
212a The Pandorica Opens
50%
102 The Power of Kroll
50%
313 The Robot Revolution
50%
90 The Robots of Death
50%
91 The Talons of Weng-Chiang
50%
64 The Time Monster
50%
140 The Two Doctors
50%
143d The Ultimate Foe
50%
207 The Vampires of Venice
50%
50 The War Games
50%
141 Timelash
50%
96 Underworld
50%
205 Victory of the Daleks
50%
319a Wish World
50%
160b World War Three
50%
184 42
40%
308 73 Yards
40%
213 A Christmas Carol
40%
218 A Good Man Goes to War
40%
228 A Town Called Mercy
40%
166a Bad Wolf
40%
186 Blink
40%
105 City of Death
40%
223 Closing Time
40%
209b Cold Blood
40%
214b Day of the Moon
40%
316 Lucky Day
40%
170 School Reunion
40%
177b Doomsday
40%
309 Dot and Bubble
40%
147 Dragonfire
40%
298 Eve of the Daleks
40%
163 Father's Day
40%
176 Fear Her
40%
195b Forest of the Dead
40%
132 Frontios
40%
291 Fugitive of the Judoon
40%
111 Full Circle
40%
181 Gridlock
40%
185a Human Nature
40%
243 Into the Dalek
40%
198b Journey's End
40%
187c Last of the Time Lords
40%
299 Legend of the Sea Devils
40%
219 Let's Kill Hitler
40%
314 Lux
40%
196 Midnight
40%
168 New Earth
40%
107 Nightmare of Eden
40%
220 Night Terrors
40%
289 Orphan 55
40%
145 Paradise Towers
40%
292 Praxeus
40%
310 Rogue
40%
195a Silence in the Library
40%
150 Silver Nemesis
40%
179 Smith and Jones
40%
51 Spearhead From Space
40%
112 State of Decay
40%
80 Terror of the Zygons
40%
172b The Age of Steel
40%
217b The Almost People
40%
53 The Ambassadors of Death
40%
83 The Android Invasion
40%
230 The Angels Take Manhattan
40%
204 The Beast Below
40%
232 The Bells of Saint John
40%
167 The Christmas Invasion
40%
106 The Creature from the Pit
40%
215 The Curse of the Black Spot
40%
164b The Doctor Dances
40%
193 The Doctor's Daughter
40%
216 The Doctor's Wife
40%
225 The Doctor, the Widow and the Wardrobe
40%
44 The Dominators
40%
203 The Eleventh Hour
40%
164a The Empty Child
40%
202 The End of Time
40%
89 The Face of Evil
40%
185b The Family of Blood
40%
222 The God Complex
40%
25 The Gunfighters
40%
297a The Halloween Apocalypse
40%
149 The Happiness Patrol
40%
294 The Haunting of Villa Diodati
40%
108 The Horns of Nimon
40%
209a The Hungry Earth
40%
173 The Idiot's Lantern
40%
214a The Impossible Astronaut
40%
174a The Impossible Planet
40%
183 The Lazarus Experiment
40%
311a The Legend of Ruby Sunday
40%
109 The Leisure Hive
40%
211 The Lodger
40%
22 The Massacre of St. Bartholomew's Eve
40%
56 The Mind of Evil
40%
63 The Mutants
40%
143a The Mysterious Planet
40%
199 The Next Doctor
40%
166b The Parting of the Ways
40%
192b The Poison Sky
40%
319b The Reality War
40%
217a The Rebel Flesh
40%
174b The Satan Pit
40%
180 The Shakespeare Code
40%
231 The Snowmen
40%
77 The Sontaran Experiment
40%
192a The Sontaran Stratagem
40%
187b The Sound of Drums
40%
198a The Stolen Earth
40%
206a The Time of Angels
40%
194 The Unicorn and the Wasp
40%
159 The Unquiet Dead
40%
119 The Visitation
40%
201 The Waters of Mars
40%
224 The Wedding of River Song
40%
169 Tooth and Claw
40%
197 Turn Left
40%
187a Utopia
40%
138 Vengeance on Varos
40%
210 Vincent and the Doctor
40%
188 Voyage of the Damned
40%
113 Warrior's Gate
40%
130 Warriors of the Deep
40%
280 Arachnids in the UK
30%
177a Army of Ghosts
30%
295a Ascension of the Cybermen
30%
152 Battlefield
30%
234 Cold War
30%
242 Deep Breath
30%
146 Delta and the Bannermen
30%
282 Demons of the Punjab
30%
227 Dinosaurs on a Spaceship
30%
270 Extremis
30%
260 Face the Raven
30%
261 Heaven Sent
30%
262 Hell Bent
30%
235 Hide
30%
283 Kerblam!
30%
248 Kill the Moon
30%
268 Knock Knock
30%
253 Last Christmas
30%
245 Listen
30%
175 Love and Monsters
30%
249 Mummy on the Orient Express
30%
238 Nightmare in Silver
30%
290 Nikola Tesla's Night of Terror
30%
269 Oxygen
30%
287 Resolution
30%
296 Revolution of the Daleks
30%
244 Robot of Sherwood
30%
266 Smile
30%
297e Survivors of the Flux
30%
247 The Caretaker
30%
304 The Church on Ruby Road
30%
240 The Day of the Doctor
30%
306 The Devil's Chord
30%
275b The Doctor Falls
30%
303 The Giggle
30%
256 The Girl Who Died
30%
263 The Husbands of River Song
30%
318 The Interstellar Song Contest
30%
272 The Lie of the Land
30%
239 The Name of the Doctor
30%
265 The Pilot
30%
300 The Power of the Doctor
30%
229 The Power of Three
30%
271 The Pyramid at the End of the World
30%
264 The Return of Doctor Mysterio
30%
233 The Rings of Akhaten
30%
178 The Runaway Bride
30%
317 The Story and the Engine
30%
295b The Timeless Children
30%
241 The Time of the Doctor
30%
315 The Well
30%
284 The Witchfinders
30%
277 The Woman Who Fell to Earth
30%
257 The Woman Who Lived
30%
258a The Zygon Invasion
30%
258b The Zygon Inversion
30%
267 Thin Ice
30%
246 Time Heist
30%
297d Village of the Angels
30%
275a World Enough and Time
30%
255b Before the Flood
20%
293 Can You Hear Me?
20%
252a Dark Water
20%
252b Death in Heaven
20%
273 Empress of Mars
20%
250 Flatline
20%
251 In the Forest of the Night
20%
285 It Takes You Away
20%
236 Journey to the Centre of the TARDIS
20%
297c Once, Upon Time
20%
279 Rosa
20%
259 Sleep No More
20%
305 Space Babies
20%
286 The Battle of Ranskoor av Kolos
20%
237 The Crimson Horror
20%
274 The Eaters of Light
20%
278 The Ghost Monument
20%
254a The Magician's Apprentice
20%
301 The Star Beast
20%
281 The Tsuranga Conundrum
20%
297f The Vanquishers
20%
254b The Witch's Familiar
20%
255a Under the Lake
20%
297b War of the Sontarans
20%
302 Wild Blue Yonder
20%
276 Twice Upon a Time
10%
No matching quizzes found
Score Distribution
Percent of People with Each Score
Percentile by Number Answered
Your Score History
You have not taken this quiz since the last reset